000 00353nam a2200133Ia 4500
008 240624s9999 xx 000 0 und d
041 _aeng
082 _a658.3 SPE
100 _aSPENCER LYLE M
245 _aCOMPETENCE AT WORK MODELS FOR SUPERIOR P
260 _c2008
_aNew Delhi
_bWiley India
300 _axii, : 372 : p. : cm. ; 23
365 _cRS
_b30
999 _c15085
_d15085